000 00252nam a2200109 a 4500
005 20140513081051.0
008 020606s19uu xx 00 eng d
050 _aP 582.13
_bFLO 2000
245 _aFlowers.
650 _aFlowers
_xPoster
999 _c116320
_d116320